LEADER 01421nam 2200409 450 001 000016787 005 20060317121512.0 010 $a0-12-182145-5 011 $a0076-6879 100 $a20031016d1994----km-y0itay0103----ba 101 0 $aeng 102 $aUS 200 1 $aProteolytic enzymes: serine and cysteine peptidases$fedited by Alan J. Barrett 210 $aSan Diego... [etc.]$cAcademic Press$dc1994 215 $aXXXI, 765 p.$cill.$d24 cm 225 2 $aMethods in enzymology$v224 410 1$12001$aMethods in enzymology$v244 606 1 $aPeptidasi 676 $a572.76$v(21. ed.)$9Biochimica. Enzimi proteolitici 702 1$aBarrett,$bAlan J. 801 0$aIT$bUniversità della Basilicata - B.I.A.$gRICA$2unimarc 912 $a000016787 996 $aProteolytic enzymes$981692 997 $aUNIBAS BAS $aAGRARIA CAT $aSTD031$b01$c20031016$lBAS01$h1604 CAT $aTORRE$b20$c20031027$lBAS01$h1141 CAT $c20050601$lBAS01$h1755 CAT $abatch$b01$c20050718$lBAS01$h1053 CAT $c20050718$lBAS01$h1112 CAT $c20050718$lBAS01$h1142 CAT $c20050718$lBAS01$h1156 CAT $aTTM$b30$c20051128$lBAS01$h1331 CAT $aSTD042$b01$c20051213$lBAS01$h1545 CAT $aTTM$b30$c20060317$lBAS01$h1215 FMT Z30 -1$lBAS01$LBAS01$mBOOK$1BASA2$APolo Tecnico-Scientifico$2DID$BDidattica$3PTS$677677$5A77677$820051213$f98$FConsultazione LEADER 03346 am 2200661 n 450 001 9910502601303321 005 20210726 010 $a979-1-03-657687-4 024 7 $a10.4000/books.pup.42690 035 $a(CKB)4100000012052845 035 $a(FrMaCLE)OB-pup-42690 035 $a(oapen)https://directory.doabooks.org/handle/20.500.12854/86382 035 $a(PPN)258324147 035 $a(EXLCZ)994100000012052845 100 $a20211015j|||||||| ||| 0 101 0 $afre 135 $auu||||||m|||| 181 $ctxt$2rdacontent 182 $cc$2rdamedia 183 $acr$2rdacarrier 200 10$aIntroduction au Zibaldone de Giacomo Leopardi $eLa question du système /$fDavid Jérôme 210 $aAix-en-Provence $cPresses universitaires de Provence$d2021 215 $a1 online resource (272 p.) 225 1 $aÉpistémè 311 $a979-1-03-200202-5 330 $aLe Zibaldone est le grand journal de pensées de Giacomo Leopardi. Le jeune philosophe y consigne, sur près de quinze ans et plus de 4500 pages, des réflexions qu?il nomme « de philosophie variée et de belle littérature ». Et en effet, c?est bien la variété, et même la plus étonnante bigarrure qui caractérisent ce monumental magasin d?écriture : bigarrure des matières brassées (métaphysique, théologie, politique, morale, esthétique) et bigarrure des formes (aphorisme, anecdote, note érudite, essai). Le Zibaldone apparaît donc tout d?abord comme un flux discontinu et disparate de pensée. Cependant, Leopardi n?entend pas y exposer une rhapsodie de vérités isolées et fragmentaires mais un authentique système philosophique. « Il mio sistema » : tels sont les premiers mots du cri léopardien, de son exigence méthodologique et ontologique. Manquer d?esprit de système c?est manquer d?ordre, et c?est surtout manquer l?essence même du réel, de la nature en tant que totalité, une nature qu?il ne saurait concevoir autrement, elle aussi, que comme un système et un ordre. Quel est donc l?ordre du système léopardien ? Et dans quelle mesure celui-ci épouse-t-il l?ordre de la nature ? Quel est leur fondement commun ? Répondre à ces questions revient à montrer en quoi cette totalité mouvante, ouverte et rhizomatique qu?est le Zibaldone est le lieu le plus à même d?accueillir une pensée placée devant l?urgence de statuer sur les guises de l?existence et de la contradiction. 606 $aPhilosophy 606 $aesthétique 606 $apolitique 606 $aontologie 606 $amétaphysique 606 $aphilosophie 606 $athéologie 606 $amorale 606 $aZibaldone 610 $aesthétique 610 $apolitique 610 $aontologie 610 $amétaphysique 610 $aphilosophie 610 $athéologie 610 $amorale 610 $aZibaldone 615 4$aPhilosophy 615 4$aesthétique 615 4$apolitique 615 4$aontologie 615 4$amétaphysique 615 4$aphilosophie 615 4$athéologie 615 4$amorale 615 4$aZibaldone 700 $aJérôme$b David$01321973 801 0$bFR-FrMaCLE 906 $aBOOK 912 $a9910502601303321 996 $aIntroduction au Zibaldone de Giacomo Leopardi$93034668 997 $aUNINA